| 000 | 00501nam a2200193Ia 4500 | ||
|---|---|---|---|
| 005 | 20250423100520.0 | ||
| 008 | 250422s9999 xx 000 0 und d | ||
| 020 | _a9781897422182 | ||
| 050 | _aRC 76 .J37/ | ||
| 100 | _aJarvis, Carolyn | ||
| 245 | 0 | _aPhysical examination and health assessment | |
| 250 | _aFirst Canadian Edition | ||
| 260 | _aToronto | ||
| 260 | _bSAUNDERS Elsevier | ||
| 260 | _c2009 | ||
| 300 | _a907 p | ||
| 650 | _aPhysical diagnosis. Nursing assessment. | ||
| 942 | _cBK | ||
| 999 |
_c33543 _d33543 |
||